000 00689nam a2200229Ia 4500
005 20250508165347.0
008 008 250505s9999 xx 000 0 eng d
020 _a978-0-495-89737-8
037 _aReference
040 _aFEDL
_beng
_cFEDL
041 _aeng
_2eng
084 _a372.242, GAR/RR
_qFEDL
100 _aGargiulo Richard M
_9780602
245 0 _aIntroduction to young children with special needs: Birth through age eight
250 _a4
260 _aStanford
_bWadsworth Cengange Learning
_c2014
300 _axxi, 354p.
365 _aUSD
_b81
700 _a Kilgo Jennifer L
_9780603
942 _cREF
_h372.242, GAR/RR
999 _c1394660
_d1394660